000 00411nmm a2200145Ia 4500
008 251105s9999||||xx |||||||||||||||||und||
041 _aspa
100 _aGarcía Carteron, Begoña
245 0 _aLa montaña maldita
264 _a[Madrid, España] :
_bEdiciones B,
_c2016
300 _a424 páginas
650 _aHistorical fiction
856 _uhttps://public.digitaliapublishing.com/a/53719
942 _cCF
999 _c106177
_d106177